00169nam a22000857a 4500082001600000245002300016300001000039563000700049650002700056 a297.55bASA aAsan hajj va umrah a240p. aHB aHajjaPillars of Islam